Loading...
| Current Events | 2 | 15.00 | 50% | 50% | 50% |
| Fine Arts - Classical Music | 8 | 10.00 | 88% | 0% | 13% |
| Fine Arts - Other | 6 | 10.00 | 67% | 33% | 0% |
| Fine Arts - Painting and Sculpture | 6 | 8.33 | 83% | 0% | 0% |
| History - American | 3 | 10.00 | 100% | 0% | 0% |
| History - European | 9 | 10.00 | 89% | 11% | 0% |
| History - Other | 2 | 5.00 | 50% | 0% | 0% |
| History - World | 5 | 12.00 | 100% | 20% | 0% |
| Literature - American | 2 | 5.00 | 50% | 0% | 0% |
| Literature - British | 3 | 13.33 | 100% | 33% | 0% |
| Literature - European | 4 | 17.50 | 100% | 75% | 0% |
| Literature - World | 4 | 10.00 | 75% | 25% | 0% |
| Mythology | 3 | 10.00 | 67% | 33% | 0% |
| Other Academic | 1 | 10.00 | 100% | 0% | 0% |
| Philosophy | 5 | 14.00 | 80% | 60% | 0% |
| Pop Culture | 1 | 10.00 | 0% | 100% | 0% |
| Religion | 5 | 10.00 | 80% | 20% | 0% |
| Science - Biology | 6 | 15.00 | 100% | 50% | 0% |
| Science - Chemistry | 4 | 10.00 | 100% | 0% | 0% |
| Science - Other | 4 | 10.00 | 100% | 0% | 0% |
| Science - Physics | 5 | 8.00 | 60% | 20% | 0% |
| Social Science | 1 | 10.00 | 100% | 0% | 0% |